000 00658nam a2200193Ia 4500
005 20250508155613.0
008 008 250505s9999 xx 000 0 eng d
037 _aDissertations
040 _aFEDL
_beng
_cFEDL
041 _aeng
_2eng
084 _a371.2, ABB/DI
_qFEDL
100 _aAbbasi Qamar Abbas
_9767163
245 0 _aStudy of attitudes of higher secondary and junior high school teachers towards supervision by the heads of the institutions and superior supervisory staff
260 _c1967
300 _a104p.
546 _aM. Ed. Dissertation (Agra University)
942 _cDIS
_h371.2, ABB/DI
999 _c1358170
_d1358170